000 00731nam a2200205Ia 4500
005 20241129111311.0
008 241129s9999||||xx |||||||||||||| ||und||
037 _aTB
040 _aCRL
_bpun
_cCRL
041 _apun
_2pun
084 _aO153,3N53x R3
_qCRL
100 _aਪੰਨੂ, ਹਰਪਾਲ ਸਿੰਘ, ਚ।
245 0 _aਤੱਥ ਤੋਂ ਮਿੱਥ ਤੱਕ
_cਪੰਨੂ, ਹਰਪਾਲ ਸਿੰਘ, ਚ।
260 _aਅੰਮ੍ਰਿਤਸਰ, ਭਾਰਤ
_bਅੰਮ੍ਰਿਤਸਰ ਸਿੰਘ ਬ੍ਰਦਰਜ਼
_c2023
300 _a208ਪ੍ਰ0
365 _aINR
_b225
650 _aPunjabi LiteratureFiction
942 _cTB
_hO153,3N53x R3
999 _c1229820
_d1229820